European metals in native hands (Record no. 92027)
[ view plain ]
| 000 -LEADER | |
|---|---|
| fixed length control field | 02555nam a22004214a 4500 |
| 082 04 - DEWEY DECIMAL CLASSIFICATION NUMBER | |
| Classification number | 673/.3/08997515 |
| 100 1# - MAIN ENTRY--AUTHOR NAME | |
| Personal name | Ehrhardt, Kathleen L., |
| 245 10 - TITLE STATEMENT | |
| Title | European metals in native hands |
| 260 ## - PUBLICATION, DISTRIBUTION, ETC. (IMPRINT) | |
| Place of publication | Tuscaloosa, Ala. : |
| Name of publisher | University of Alabama Press, |
| Year of publication | c2005. |
| 300 ## - PHYSICAL DESCRIPTION | |
| Number of Pages | xiv, 253 p. : |
| Other physical details | ill., maps. |
| 505 0# - FORMATTED CONTENTS NOTE | |
| Formatted contents note | Native technologies, European contact, and the processes and meanings of material change -- Setting aside the "standard view" : revealing "style" and change in technological systems -- Recovering Illinois copper-base metalworking style : the analytical program -- Indigenous copper working in the midcontinent : situating Illinois copper-base metal use in late protohistory -- Lost sheep-- in the jaws of the wolf : the mid-seventeenth-century Illinois in ethnohistorical and archaeological perspective -- From kettle sheet to ornament : artifact forms, production, and use -- Finding "style" beneath the surface : artifact composition and manufacturing history -- Illinois metalworking style in contexts of social action and technological change. |
| 650 #0 - SUBJECT ADDED ENTRY--TOPICAL TERM | |
| Topical Term | Illinois Indians |
| Topical Term | Illinois Indians |
| Topical Term | Illinois Indians |
| Topical Term | Imports |
| Topical Term | Exports |
| Topical Term | Indian copperwork |
| Topical Term | Copper implements |
| Topical Term | Technological innovations |
| 856 40 - ELECTRONIC LOCATION AND ACCESS | |
| Uniform Resource Identifier | http://site.ebrary.com/lib/rucke/Doc?id=10387705 |
No items available.
